00440 2200169 4500001002100000005001500021035002000036245006000056100002200116250000600138300002900144260003300173082001400206084002000220020002200240990000800262INLIS00000000000021420190309104820 a0010-03190000311 aKecil - kecil Punya Karya :bSurprise! /cHendra Wibawa0 aNovita N. Humaira a1 a144 hlm :bilus ;c21 cm aBandung :bDAR! Mizan,c2009 a899.221'3 a899.221'3 NOV k a978-979-066-086-1 a609